| 000 | 00863nam a2200265 a 4500 | ||
|---|---|---|---|
| 001 | 000112821 | ||
| 003 | CHAP | ||
| 005 | 20220329144323.0 | ||
| 008 | 170111s2016 mx a |r| ||||||spa d | ||
| 010 | _a109282 | ||
| 011 | _a110254 | ||
| 040 | _cCHAP | ||
| 082 | 0 | 4 |
_a351.823306 _bP96 |
| 110 | 1 |
_aProcuraduría Agraria. México _991847 |
|
| 245 | 1 | 0 |
_aManual de capacitación integral : _bcentenario de la ley agraria del 6 de enero de 1915 / _cpor Procuraduria Agraria. |
| 260 |
_aMéxico, D.F. : _bProcuraduría Agraria, _c2016. |
||
| 300 |
_a375 p. : _bil. |
||
| 590 |
_aBATCH-UPD _b05 _c20170111 _lUCH01 _h1159 |
||
| 590 |
_aE5765TAJ _b05 _c20170111 _lUCH01 _h1158 |
||
| 650 | 1 | 4 |
_aEjidos _xAdministración _xManuales de capacitación. _9131314 |
| 650 | 1 | 4 |
_aProcuraduría Agraria _zMéxico _yManuales. _9131315 |
| 901 | _aBK | ||
| 942 | _cLIBRO | ||
| 942 | _n0 | ||
| 999 |
_c109282 _d109282 |
||